000
00203 a2200097 4500
001
29145
100
_a
Ahmad, F
245
_a
Mahmood of Ghazni
260
_a
_b
Muhammad Ashraf
_c
090
_c
19471
_d
19471
942
_a
NUST-CAE
_c
M
_c
10526
999
_c
264218
_d
264218